Girl Scout Cookie Varieties Quiz Stats

 Plays Quiz Updated Oct 22, 2018

Challenge
Share
Tweet
Embed
Score 0/11 Timer 03:00
1 Play Today
% Correct
Thin Mints
92.5%
Samoas
80.3%
Tagalongs
74.9%
Trefoils
61.1%
Do-Si-Dos
40.7%
Girl Scout S'mores
20.6%
Thanks-A-Lots
16.9%
Lemonades
12.7%
Savannah Smiles
10%
Trios
8.4%
Toffee-tastic
4.7%

You're not logged in!

Compare scores with friends on all Sporcle quizzes.
OR
Log In

You Might Also Like...

Show Comments

Extras

Top Quizzes Today


Score Distribution

Your Account Isn't Verified!

In order to create a playlist on Sporcle, you need to verify the email address you used during registration. Go to your Sporcle Settings to finish the process.

Report this User

Report this user for behavior that violates our Community Guidelines.

Details: